Statistics for Top 10 Asian Countries by Press Freedom

Click here to take the quiz!

General Stats

  • This quiz has been taken 183 times
  • The average score is 5 of 10

Answer Stats

ScoreCountry% Correct
29.36Japan
97%
24.94South Korea
93%
24.98Taiwan
81%
29.51Mongolia
49%
21.74Cyprus
44%
28.98Armenia
40%
28.98Georgia
39%
29.81Bhutan
37%
29.93East Timor
23%
29.92Kyrgyzstan
14%

Score Distribution

Percentile by Number Answered

Percent of People with Each Score

Your Score History

You have not taken this quiz